000 nam a22 7a 4500
999 _c15646
_d15646
008 161103b xxu||||| |||| 00| 0 eng d
020 _a9780393938340
050 _aQH 308.2 .H82 2015
100 _aHoutman, Anne.
_d2015
245 _aBiology now/
_cHouttman,Anne...[et al.]
250 _acore edition.
260 _aNew York :
_bW.W. Norton,
_c2015.
300 _a1 volume xxix,414p.:
_bill.(some col.);
_c28cm.
521 _aIncludes index.
650 _aBiology.
650 _aBiology .
_2 Research.
_vAnecdotes.
700 _aScudellari, Megan
700 _aMalone, Cindy
700 _aSighn- Cundy, Anu
942 _2lcc
_cBOOKS
_hQH 308.2 .H82 2015